Flaggen des Nahen Ostens - Statistiken

Allgemein
  • Dieses Quiz wurde 172 mal gespielt
  • Das Durchschnittsergebnis liegt bei 13 aus 16
Antwortstatistiken
Bildquiz Antwort % Korrekt
Israel
99%
Saudi Arabien
98%
Libanon
96%
Ägypten
94%
Iran
93%
Zypern
93%
Katar
92%
Syrien
90%
Jemen
81%
Irak
77%
Türkei
77%
Oman
76%
Vereinigte Arabische Emirate
67%
Bahrain
64%
Jordanien
59%
Kuwait
55%
Keine übereinstimmenden Quizze gefunden
Verteilung der Resultate
Anzahl Personen mit jedem Resultat
Perzentil nach korrekt beantworteten Fragen
Ihre Resultats-Entwicklung
Sie haben dieses Quiz noch nicht gespielt